000 00724nam a2200217 a 4500
999 _c9415
_d9415
001 9415
003 BD-JhCC
005 20180314094702.0
008 180314s1994 bg |||| ||a| 000 0 ben d
035 _a(BD-JhCC)9415
040 _aBD-JhCC
_dBD-JhCC
041 _aben
082 _a923
_bRAH 1994
100 _aরহমান, কাজী তালেবুর
245 _aআসানসোল কাজীরমসিমলা ও দরিরামপুরে নজরুল /
_cকাজী তালেবুর রহমান,
260 _aঢাকা :
_bনজরুল ইন্সটিটিউট,
_c1994
300 _a72 p. :
_c22 cm.
650 _aBiography
942 _2ddc
_cBK